000 00354nam a2200145 i 4500
001 bg
100 1 _aCHRISTOFIDES, Nicos
245 0 _aTeorija grafov :
_balgoritmiceskaja podchod /
_cNicos Christofides.
260 _aMoskva,
_c1978.
040 _cBPK
041 _apol
080 _a519.17
942 _cKS
008 s pl f |000 0 pol
999 _c18334
_d18334
856 _uhttp://koha.tu.koszalin.pl/cgi-bin/koha/opac-detail.pl?biblionumber=18334
_yKatalog online BPK